[Event "ARG SUD III Sub 20 Boys"]
[Site "Matheu, Buenos Aires"]
[Date "2007.??.??"]
[Round "?"]
[White "Zabala, Adriel"]
[Black "Pizzocaro Gomez, Gustavo"]
[Result "1-0"]
[WhiteElo "2093"]
[BlackElo "2043"]
[PlyCount "45"]
[EventDate "2007.02.07"]

1. e4 e5 2. Nf3 Nc6 3. d4 exd4 4. c3 dxc3 5. Bc4 d6 6. O-O Be7 7. Qb3 Be6 8.
Bxe6 fxe6 9. Qxe6 Qd7 10. Qb3 O-O-O 11. Nxc3 Rf8 12. Be3 Bf6 13. Rac1 Bxc3 14.
Rxc3 Nge7 15. Rfc1 Qg4 16. Nd4 Qxe4 17. Nxc6 Nxc6 18. f3 Qe7 19. Qa4 a6 20. Bf2
Qe2 21. Rxc6 bxc6 22. Qxc6 Qe7 23. Bb6 1-0

[Event "ARG SUD III Sub 20 Boys"]
[Site "Matheu, Buenos Aires"]
[Date "2007.??.??"]
[Round "?"]
[White "Zapata, Talia"]
[Black "Morales Mendoza, Luciana"]
[Result "0-1"]
[WhiteElo "2035"]
[BlackElo "2210"]
[PlyCount "66"]
[EventDate "2007.02.07"]

1. d4 e6 2. c4 b6 3. Nf3 Nf6 4. a3 Ba6 5. Qc2 Bb7 6. Bf4 c5 7. e3 cxd4 8. exd4
Be7 9. Nc3 O-O 10. Be2 d5 11. cxd5 Nxd5 12. Nxd5 Bxd5 13. Rd1 Nd7 14. O-O Nf6
15. Qd2 Bb7 16. Rc1 Nd5 17. Be3 Rc8 18. Rfe1 Bf6 19. h3 Qd6 20. Rxc8 Rxc8 21.
Rc1 Rxc1+ 22. Qxc1 h6 23. Qc2 Ne7 24. Qa4 Nf5 25. Qe8+ Qf8 26. Qxf8+ Kxf8 27.
Ne5 Ke7 28. Kf1 Nxe3+ 29. fxe3 Bxe5 30. dxe5 Kd7 31. Bf3 Bxf3 32. gxf3 Kc6 33.
Ke2 Kd5 0-1

[Event "ARG SUD III Sub 20 Boys"]
[Site "Matheu, Buenos Aires"]
[Date "2007.??.??"]
[Round "?"]
[White "Zapata, Talia"]
[Black "Yanigro, Micaela"]
[Result "0-1"]
[WhiteElo "2035"]
[BlackElo "1980"]
[PlyCount "118"]
[EventDate "2007.02.07"]

1. d4 d5 2. Nf3 e6 3. c4 Nf6 4. Nc3 c6 5. cxd5 exd5 6. Qc2 Bb4 7. Bg5 Nbd7 8.
e3 Qa5 9. Bd3 O-O 10. O-O Re8 11. Bf4 c5 12. a3 Bxc3 13. Qxc3 Qxc3 14. bxc3 c4
15. Bc2 h6 16. Rfe1 a5 17. Nd2 g5 18. Bg3 h5 19. h4 gxh4 20. Bxh4 b5 21. Rab1
Rb8 22. e4 dxe4 23. Bxf6 Nxf6 24. Nxc4 Bd7 25. Nd6 Re6 26. Nxe4 Nxe4 27. Bxe4
Rbe8 28. f3 Bc6 29. Kf2 Bxe4 30. fxe4 Rxe4 31. Rxe4 Rxe4 32. Rxb5 Rf4+ 33. Ke3
Rf1 34. Rxa5 Rc1 35. Kd3 Rg1 36. Rg5+ Kf8 37. Kc4 h4 38. a4 h3 39. Rh5 hxg2 40.
Rg5 f6 41. Rg3 f5 42. Rg5 f4 43. Kc5 f3 44. Rf5+ Ke7 45. Rxf3 Re1 46. Rg3 g1=Q
47. Rxg1 Rxg1 48. a5 Kd7 49. c4 Kc7 50. d5 Ra1 51. Kb5 Kd6 52. Kb6 Rb1+ 53. Ka7
Kc5 54. a6 Rb6 55. Ka8 Rxa6+ 56. Kb7 Ra5 57. Kc7 Ra7+ 58. Kb8 Rf7 59. Kc8 Kd6
0-1